000 00888nam a2200277 a 4500
001 BRL_421
005 20190320210732.0
008 070813s1979----mx-a######---#000-0#spa-#
041 _aspa
044 _amx
050 4 _aF1219.3.R38
_b.L67 1979
100 1 _aLópez Portillo, José
_923260
245 1 0 _aQuetzalcoatl
_cJosé López Portillo, Demetrio Sodi, Fernando Díaz Infante.
250 _a2
260 _aMéxico
_bSecretaría de Asentamientos Humandos y Obras Públicas
_c1979
300 _a247 p.
_bil. (algunas a color)
_c32 cm.
500 _aAu439
500 _aBibliografía: p.236-238
650 1 4 _aQuetzalcóatl (Dios azteca)
_923872
650 1 4 _aIndígenas de México
_xReligión
_95291
650 1 4 _aIndígenas de México
_xPsicología
_923873
700 1 _aSodi M., Demetrio
_922706
700 1 _aDíaz Infante, Fernando
_923874
902 _aGRL
942 _2lcc
_cB
999 _c9234
_d9234